|
|
|
|
| LEADER |
01764cas a2200241 a 4500 |
| 001 |
AALejournalIMF003363 |
| 008 |
230101c9999 xx r poo 0 0eng d |
| 020 |
|
|
|c 5.00 USD
|
| 020 |
|
|
|z 9781451860306
|
| 022 |
|
|
|a 1018-5941
|
| 040 |
|
|
|a BD-DhAAL
|c BD-DhAAL
|
| 100 |
1 |
|
|a Wu, Yi.
|
| 245 |
1 |
0 |
|a Growth, Expansion of Markets, and Income Elasticities in World Trade /
|c Yi Wu.
|
| 264 |
|
1 |
|a Washington, D.C. :
|b International Monetary Fund,
|c 2005.
|
| 300 |
|
|
|a 1 online resource (33 pages)
|
| 490 |
1 |
|
|a IMF Working Papers
|
| 500 |
|
|
|a <strong>Off-Campus Access:</strong> No User ID or Password Required
|
| 500 |
|
|
|a <strong>On-Campus Access:</strong> No User ID or Password Required
|
| 506 |
|
|
|a Electronic access restricted to authorized BRAC University faculty, staff and students
|
| 520 |
3 |
|
|a The Houthakker-Magee effect implies that a country facing unfavorable income elasticities in trade must either grow at a slower rate than its trading partners or experience a trend worsening of its current account and/or depreciation of its real exchange rate. Krugman (1989) first documented the existence of a '45-degree rule' under which relative income elasticities are systematically related to relative growth rates. In this paper, we develop and test an intertemporal current account model in which Krugman's original 45-degree rule is a special case. The result suggests that secular trends in current accounts and/or real exchange rates are much smaller than one would have projected based on conventional income elasticities.
|
| 538 |
|
|
|a Mode of access: Internet
|
| 830 |
|
0 |
|a IMF Working Papers; Working Paper ;
|v No. 2005/011
|
| 856 |
4 |
0 |
|z Full text available on IMF
|u http://elibrary.imf.org/view/journals/001/2005/011/001.2005.issue-011-en.xml
|z IMF e-Library
|